| LEADER | 00734nam a2200253 4500 | ||
|---|---|---|---|
| 001 | DLU090070608 | ||
| 005 | ##20090506 | ||
| 040 | # | # | |a DLU |b vie |
| 041 | # | # | |a vie |
| 044 | # | # | |a vn |
| 100 | # | # | |a Hoàng Nghĩa Quán. |
| 245 | # | # | |a Về thanh luật và đối ngẫu của bài thơ Hoàng Hạc lâu / |c Hoàng Nghĩa Quán. |
| 653 | # | # | |a Thơ Đường |
| 653 | # | # | |a Thi pháp |
| 773 | # | # | |t Tạp chí văn học |g Số 6(270), 1994, tr. 50-52 |
| 920 | # | # | |a Phòng Tạp chí -- Trung tâm Thông tin - Thư viện Trường Đại học Đà Lạt |
| 994 | # | # | |a DLU |
| 900 | # | # | |a True |
| 911 | # | # | |a Nguyễn Thị Thu Phương |
| 925 | # | # | |a G |
| 926 | # | # | |a A |
| 927 | # | # | |a BB |
| 980 | # | # | |a Thư viện Trường Đại học Đà Lạt |